| 000 | 00000nam##2200000za#4500 |
| 001 | 9.695661 |
| 003 | CaOODSP |
| 005 | 20210624234658 |
| 007 | cr ||||||||||| |
| 008 | 150407|1999||||xxc|||||o f|0| 0 eng|d |
| 040 | |aCaOODSP|beng |
| 043 | |an-cn--- |
| 086 | 1 |aD82-49/2000E-PDF |
| 110 | 1 |aCanada.|bEmergency Preparedness Canada. |
| 245 | 10|aEmergency roles and responsibilities of NGOs in Canada / |h[electronic resource]|c[by] John Newton. |
| 260 | |aToronto - Ontario : |bEmergency Preparedness Canada |cMarch 1999. |
| 300 | |a65p.|btables |
| 520 | 3 |aThe primary objective of this project was to identify NGOs of a national or multi-provincial geographic scale involved in emergencies in Canada, collect relevant information about each NGO, and prepare individuals listings of this information.--Preface |
| 590 | |a12-26-Supp|b2012-06-07 |
| 690 | 07|aDisaster relief|2gcpds |
| 690 | 07|aNongovernmental organizations|2gcpds |
| 720 | 1 |aNewton, John |
| 775 | 08|tRôles et responsabilités des ONG en matière de secours d'urgence au Canada / |w(CaOODSP)9.639794 |
| 776 | 0#|tEmergency roles and responsibilities of NGOs in Canada / |w(CaOODSP)9.647621 |
| 856 | 40|ahttp://publications.gc.ca|qPDF|s298 KB|uhttps://publications.gc.ca/collections/Collection/D82-49-2000E.pdf |